000 00471nam a2200181Ia 4500
001 1860
005 20260306143759.0
008 260306t2010||||xx |||||||||||||| ||spa||
041 _aESP
082 _a155.924
_bV28
100 _aVan Eersel, Patrice
_eAUT
245 0 _aMis antepasados me duelen:
_bla psicogenealogĂ­a y constelaciones familiares
260 _c2010
300 _a157 páginas :
_c23 cm.
650 _aGEN
654 _aCPS
942 _cLIB
_dJUS
_fJUS
_2ddc
_n
999 _c1860
_d1860